000 00607nam a2200229Ia 4500
003 OSt
005 20221007073455.0
006 a|||||r|||| 00| 0
007 ta
008 221006b |||||||| |||| 00| 0 eng d
024 _a23,672
037 _cTextual
040 _aFLL
_cFLL
_beng
041 _2eng
_aeng
082 _aZ2,924, M3
100 _aGandhi B. M.
_9428833
245 0 _aEquity trusts and specific relief
260 _aLucknow
_bEastern Book Company India
_c1983
300 _ali,571p
_ccm.
942 _hZ2,924, M3
_cTEXL
_2CC
999 _c1148854
_d1148854